000
00347 a2200157 4500
001
153642
020
_a
8500907037
040
_c
Escola São Tomás de Aquino
100
_a
BARRETO, Lima
240
1
0
_a
Clara dos anjos
_l
por
245
1
0
_a
Clara dos anjos
300
_a
155
362
0
_a
1996
697
_a
LITERATURA BRASILEIRA
942
_c
BK
999
_c
153642
_d
153642